000 00340nam a22001457a 4500
003 SGT
020 _a978-0-07-180728-9
082 _a616024
_bF15G
100 _aGRIPPI, MICHAEL A.
245 _aFISHMAN'S PULMONARY DISEASES & DISORDERS
250 _a5TH
260 _aNEW YORK
_bMC GROW HILL
_c2015
300 _a1162
942 _2ddc
_cBK
_01
999 _c16963
_d16963